| 000 | 01823nam a22002537a 4500 | ||
|---|---|---|---|
| 003 | BJBSDDR | ||
| 005 | 20260429085704.0 | ||
| 007 | ta | ||
| 008 | 260429s2025 nyu||||| |||| 00| 0 eng d | ||
| 020 | _a9781419780165 | ||
| 020 | _a1419780166 | ||
| 040 |
_bspa _cBJBSDDR |
||
| 041 | _aeng | ||
| 050 | _bW225 2025 | ||
| 100 | 1 |
_aWalsh, John, _d1945- _944534 |
|
| 245 | 1 | 0 |
_aGladiator II : _bthe art and making of the Ridley Scott film / _cJohn Walsh (Autor), Ridley Scott |
| 260 |
_aNew York : _bAbrams, _c2025 |
||
| 300 |
_a238 pages : _billustrations ; _c30 cm |
||
| 505 | _aForeword Introduction Director's chair The road to Rome The cast Design Combat Special and visual effects Leaving Rome Acknowledgments and notes | ||
| 520 | _aThe official behind-the-scenes companion to Sir Ridley Scott's highly anticipated sequel to Gladiator This definitive volume takes readers deep into the extraordinary production of Gladiator II. Exploring the revolutionary special effects and breathtaking artistry that went into re-creating the grandeur of ancient Rome on a truly epic scale, Gladiator II: The Art and Making of the Ridley Scott Film features storyboards, unit photography, concept art, character and costume sketches, and an array of props and ephemera, offering a comprehensive look at the creative process behind one of the most eagerly awaited sequels of our time. With a foreword by Sir Ridley Scott and exclusive interviews with the cast--including Paul Mescal, Denzel Washington, Pedro Pascal, Connie Nielsen, and more--as well as insights from production designers, armorers, and the visual effects team, the book grants an insider's look at this cinematic epic and is an essential companion to the film. | ||
| 700 | 1 |
_aScott, Ridley, _d1937- _941038 |
|
| 942 |
_2lcc _n0 _cBK |
||
| 946 | _icmc | ||
| 999 |
_c126949 _d126949 |
||